Places To Study
There are group study rooms, individual study carrels, computer labs, and other spaces to study in the Libraries.
Reserve A Group Room| 000 -LEADER | |
|---|---|
| fixed length control field | 00930nam a22001937a 4500 |
| 003 - CONTROL NUMBER IDENTIFIER | |
| control field | OSt |
| 005 - DATE AND TIME OF LATEST TRANSACTION | |
| control field | 20251205155536.0 |
| 008 - FIXED-LENGTH DATA ELEMENTS--GENERAL INFORMATION | |
| fixed length control field | 251205b |||||||| |||| 00| 0 eng d |
| 040 ## - CATALOGING SOURCE | |
| Transcribing agency | DCL |
| 082 ## - DEWEY DECIMAL CLASSIFICATION NUMBER | |
| Classification number | ၂၉၄.၃၄၃၅ |
| 100 0# - MAIN ENTRY--PERSONAL NAME | |
| Personal name | စန္ဒဇောတိ၊ |
| Titles and words associated with a name | အရှင်။ |
| 245 10 - TITLE STATEMENT | |
| Title | မင်းကွန်းမြေမှ ကမ္ဘကျော်ကြီးငါးကြီး / |
| Statement of responsibility, etc. | အရှင်စန္ဒဇောတိ။ |
| 260 ## - PUBLICATION, DISTRIBUTION, ETC. | |
| Place of publication, distribution, etc. | နဝမအကြိမ်။ |
| 264 ## - PRODUCTION, PUBLICATION, DISTRIBUTION, MANUFACTURE, AND COPYRIGHT NOTICE | |
| Place of production, publication, distribution, manufacture | ရန်ကုန် ၊ |
| Name of producer, publisher, distributor, manufacturer | အသိုင်းအဝိုင်းစာပေ၊ |
| Date of production, publication, distribution, manufacture, or copyright notice | [၁၉၉၆]။ |
| 300 ## - PHYSICAL DESCRIPTION | |
| Extent | ၁၂၀ စာမျက်နှာ ၊ |
| Dimensions | ၁၈ စင်တီ။ |
| 650 ## - SUBJECT ADDED ENTRY--TOPICAL TERM | |
| Topical term or geographic name entry element | စေတီတော်များ |
| Geographic subdivision | မြန်မာနိုင်ငံ |
| 650 ## - SUBJECT ADDED ENTRY--TOPICAL TERM | |
| Topical term or geographic name entry element | မင်းကွန်းပုထိုးတော် |
| 942 ## - ADDED ENTRY ELEMENTS (KOHA) | |
| Source of classification or shelving scheme | Dewey Decimal Classification |
| Koha item type | Short Term |
| Suppress in OPAC | No |
| Withdrawn status | Lost status | Source of classification or shelving scheme | Damaged status | Not for loan | Collection | Accession No. | Home library | Current library | Shelving location | Date acquired | Total checkouts | Full call number | Barcode | Date last seen | Price effective from | Koha item type |
|---|---|---|---|---|---|---|---|---|---|---|---|---|---|---|---|---|
| Dewey Decimal Classification | Myanmar Collection | ၂၀၃၁ | Dhammadhara | Dhammadhara | Myanmar Shelves | 05/12/2025 | ၂၉၄.၃၄၃၅ စန် ၂၀၃၁ | MB00002031 | 05/12/2025 | 05/12/2025 | Short Term |